|
|
|
|
| LEADER |
00000nab a2200000 a 4500 |
| 001 |
vtls000534449 |
| 003 |
SK-MaSNL |
| 005 |
20260304094919.0 |
| 008 |
250425c1992 xo 0 slo |
| 015 |
|
|
|a SNBRA19rr/mm-uuuuu
|
| 035 |
|
|
|a CL0534587
|
| 035 |
|
|
|a urn:nbn:sk:snk-ab25oc
|
| 035 |
|
|
|a (urnnbn)urn:nbn:sk:snk:ar-a01pip
|
| 035 |
|
|
|a (uuid)1e6a0906-5309-40d5-a09b-059161d4be9e
|
| 040 |
|
|
|a SNKBUCL
|b slo
|c SNKBUCL
|e AACR2
|
| 041 |
0 |
|
|a eng
|
| 044 |
|
|
|a xo
|c SK
|
| 080 |
|
|
|a 517.5
|2 1981
|
| 100 |
1 |
|
|a Tóth, Ján
|4 aut
|9 272879
|
| 245 |
1 |
0 |
|a On the quotient of two arithmetical functions
|c Ján Tóth, Ladislav Zsilinszky
|
| 300 |
|
|
|b Lit. 9 zázn. v angl., maď., poľ., slov.
|
| 650 |
0 |
7 |
|a funkcie aritmetické
|2 snkbucl
|9 1194069
|
| 655 |
|
7 |
|a štúdie
|2 snkbucl
|9 57033
|
| 700 |
1 |
|
|a Zsilinszky, Ladislav
|4 aut
|9 1390985
|
| 773 |
0 |
|
|t Acta mathematica et informatica 1
|d Nitra : Pedagogická fakulta, 1992
|g S. 59-64
|z 8085183846
|
| 850 |
|
|
|a Slovenská národná knižnica
|
| 852 |
|
|
|a Slovenská národná knižnica
|
| 958 |
|
|
|a article27
|
| 958 |
|
|
|a RK
|
| 958 |
|
|
|a NB
|
| 958 |
|
|
|a OND
|
| 958 |
|
|
|a EUIPO
|
| 992 |
|
|
|a RZB
|
| 999 |
|
|
|c 2829648
|d 2831578
|